书目信息 |
| 题名: |
导游秦皇岛
|
|
| 作者: | 秦皇岛市旅游局 编 | |
| 分册: | ||
| 出版信息: | 北京 五洲传播出版社 2002 |
|
| 页数: | 115页 | |
| 开本: | 20cm | |
| 丛书名: | ||
| 单 册: | ||
| 中图分类: | K928.922 | |
| 科图分类: | ||
| 主题词: | 地理--中国 | |
| 电子资源: | ||
| ISBN: | 7-5085-0130-6 | |
| 000 | 00601nam0 2200205 450 | |
| 001 | 0730358714 | |
| 005 | 20070923083216.75 | |
| 010 | @a7-5085-0130-6@dCNY20.00 | |
| 100 | @a20070923d2002 km y0chiy0120 ea | |
| 101 | 0 | @achi |
| 102 | @aCN@b110000 | |
| 102 | @aCN | |
| 200 | 1 | @a导游秦皇岛@Adao you qin huang dao@f秦皇岛市旅游局编@Fqin huang dao shi lu you ju bian |
| 210 | @a北京@c五洲传播出版社@d2002 | |
| 215 | @a115页@d20cm | |
| 606 | 0 | @a地理@x中国 |
| 690 | @aK928.922@v4 | |
| 701 | 0 | @a秦皇岛市旅游局@Aqin huang dao shi lu you ju@4编 |
| 801 | 0 | @aCN@bPFT@c20070923 |
| 905 | @a10447@dK928.922@e512 | |
| 导游秦皇岛/秦皇岛市旅游局编.-北京:五洲传播出版社,2002 |
| 115页;20cm |
| ISBN 7-5085-0130-6:CNY20.00 |
| ● |
| 相关链接 |
|
|
|
|
正题名:导游秦皇岛
索取号:K928.922/512
 
预约/预借
| 序号 | 登录号 | 条形码 | 馆藏地/架位号 | 状态 | 备注 |
| 1 | 0626080 | 206260801 | 第二样本阅览室/ [索取号:K928.922/512] | 在馆 |